[Event "II Duchamp Open 2018"]
[Site "Rio de Janeiro"]
[Date "2018.11.17"]
[Round "4"]
[White "Chang, Suzana"]
[Black "Santos Filho, Tadeu Sousa"]
[Result "0-1"]
[WhiteElo "1968"]
[BlackElo "2078"]
[Annotator "NA RC"]
[PlyCount "134"]
[EventDate "2018.11.14"]
[EventType "swiss"]
[EventCountry "BRA"]
[SourceTitle "playchess.com"]
[Source "ChessBase"]
[SourceQuality "1"]
[TimeControl "5400+30"]

1. d4 {[%emt 0:00:09]} e6 {[%emt 0:01:39]} 2. g3 {[%emt 0:00:38]} f5 {[%emt 0:00:06]} 3. Bg2 {[%emt 0:00:08]} Nf6 {[%emt 0:00:04]} 4. Nh3 {[%emt 0:02:46]} d5 {[%emt 0:01:27]} 5. O-O {[%emt 0:00:05]} Bd6 {[%emt 0:00:17]} 6. c4 {[%emt 0:00:18]} c6 {[%emt 0:00:06]} 7. Qc2 {[%emt 0:00:06]} O-O {[%emt 0:00:12]} 8. Bf4 {[%emt 0:00:03]} Be7 {[%emt 0:04:05]} 9. Nd2 {[%emt 0:01:09]} Nh5 {[%emt 0:01:52] A90: Dutch Defence: Miscellaneous and Modern Stonewall (with ...Bd6)} (9... h6 10. Bxb8 Rxb8 11. Nf4 Qe8 12. Nd3 b6 13. b4 Ne4 14. Nf3 Ba6 15. Nfe5 Bf6 16. c5 Bxd3 17. exd3 Ng5 18. f4 Nf7 19. Qa4 Nxe5 20. dxe5 Be7 21. d4 a5 22. a3 b5 23. Qc2 a4 {½-½ (23) Kuybokarov,T (2499)-Maghsoodloo,P (2636) Abu Dhabi 2018}) 10. e3 {[%emt 0:16:18]} g5 {[%emt 0:15:50]} 11. Be5 {[%emt 0:08:58]} Nd7 {[%emt 0:02:47]} 12. f4 {[%emt 0:01:05]} g4 {[%emt 0:03:21]} 13. Nf2 {[%emt 0:00:27]} Bf6 $146 {[%emt 0:11:33]} ({Predecessor:} 13... Nxe5 14. fxe5 Bd7 15. Nd3 Ng7 16. Rac1 h5 17. Nf4 {½-½ (42) Christensen,T (2225)-Rathlev,J (2231) Denmark 2017}) 14. Rac1 {[%emt 0:15:39]} Ng7 {[%emt 0:06:53]} 15. b4 {[%emt 0:06:10]} h5 {[%emt 0:02:56]} 16. b5 {[%emt 0:04:06]} h4 {[%emt 0:00:35]} 17. cxd5 {[%emt 0:10:21]} cxd5 {[%emt 0:03:56]} 18. Rfe1 {[%emt 0:05:25]} hxg3 {[%emt 0:06:45]} 19. hxg3 {[%emt 0:00:03]} Nh5 {[%emt 0:00:09]} 20. Nf1 {[%emt 0:00:13]} Nb6 {[%emt 0:05:05]} (20... Nxe5 $15 21. fxe5 (21. dxe5 Be7 $15) 21... Be7) 21. Bc7 {[%emt 0:10:55]} Qe8 {[%emt 0:03:38]} 22. Bxb6 {[%emt 0:00:41]} axb6 {[%emt 0:00:25]} 23. a4 {[%emt 0:00:43]} Rf7 {[%emt 0:05:42]} 24. Qb3 {[%emt 0:01:19]} Be7 {[%emt 0:02:43]} 25. Rc2 {[%emt 0:01:30]} Bd6 {[%emt 0:00:10]} 26. Rec1 {[%emt 0:00:07]} Bd7 {[%emt 0:01:56]} 27. Nd3 {[%emt 0:00:13]} Rf8 {[%emt 0:01:49]} 28. Kf2 {[%emt 0:00:27]} Kg7 {[%emt 0:01:02]} 29. Ne5 {[%emt 0:01:38]} Qd8 {[%emt 0:00:32]} 30. Nd3 {[%emt 0:02:24]} Rh8 {[%emt 0:03:03]} 31. Ne5 {[%emt 0:00:38]} Qe7 {[%emt 0:05:23]} 32. Nd3 {[%emt 0:00:35]} Ra7 {[%emt 0:01:04]} 33. Ne5 {[%emt 0:02:32]} Rha8 {[%emt 0:00:29]} 34. Ra2 {[%emt 0:01:52]} Rh8 {[%emt 0:01:04]} 35. Rac2 {[%emt 0:00:12]} Rha8 {[%emt 0:00:22]} 36. Ra2 {[%emt 0:00:01]} Qe8 {[%emt 0:00:10]} 37. Rcc2 {[%emt 0:00:52]} Qe7 {[%emt 0:01:14]} 38. Rc1 {[%emt 0:00:32]} Ra5 {[%emt 0:00:25]} 39. Rcc2 {[%emt 0:00:02]} Rh8 {[%emt 0:00:45]} 40. Rc1 {[%emt 0:00:36]} Rha8 {[%emt 0:02:41]} 41. Rcc2 {[%emt 0:00:02]} Qe8 {[%emt 0:00:16]} 42. Kg1 {[%emt 0:00:49]} R8a7 {[%emt 0:01:23]} 43. Kf2 {[%emt 0:01:00]} Nf6 {[%emt 0:00:13]} 44. Kg1 {[%emt 0:00:55]} Qa8 {[%emt 0:00:43]} 45. Nxd7 {[%emt 0:03:59]} Nxd7 {[%emt 0:00:59] [#]} 46. Bxd5 $1 {[%emt 0:00:17]} exd5 {[%emt 0:01:26]} 47. Qxd5 {[%emt 0:00:03]} Qf8 {[%emt 0:00:27]} 48. e4 {[%emt 0:01:12]} fxe4 {[%emt 0:01:25]} 49. Rh2 {[%emt 0:03:15]} Nf6 {[%emt 0:01:27] [#]} 50. Qg5+ $2 {[%emt 0:00:48]} ({White must play} 50. Qf5 $1 $18 Bc5 51. Kh1 (51. dxc5 Qxc5+ 52. Qxc5 bxc5 $15)) 50... Kf7 {[%emt 0:00:36] [#]} 51. Rac2 $2 {[%emt 0:00:20] [#]} (51. Nd2 $1 $16 {[%cal Rd2e4] is forced if you want to stay better.} Qg7 {[#]} 52. Nxe4 $1 {[%mdl 512]} Qxg5 53. Nxd6+ Kg8 54. fxg5) 51... Rxa4 {[%emt 0:01:06]} (51... Qg7 $1 $17 52. Ne3 Rxa4 53. Qxg7+ Kxg7 54. Nf5+ Kg6 55. Nxd6 Rxd4) 52. Qf5 {[%emt 0:00:09]} Ra8 $2 {[%emt 0:00:45]} (52... Qg7 $11 {and Black stays safe.} 53. d5 Bc5+ 54. Rxc5 bxc5) 53. Rh7+ $1 {[%emt 0:00:31]} Qg7 {[%emt 0:01:15]} 54. Rxg7+ {[%emt 0:00:26]} Kxg7 {[%emt 0:00:04]} 55. Qe6 {[%emt 0:01:08]} Rxd4 {[%emt 0:00:36]} 56. Qf5 $2 {[%emt 0:00:31]} ({White must play} 56. Ne3 $18 Bc5 57. Nf5+ Kg6 58. Nxd4 Bxd4+ 59. Kh2) 56... Bc5 {[%emt 0:00:41]} ({Black should play} 56... Rd5 $17 57. Ne3 Bc5 58. Rxc5 Ra1+ 59. Kh2 Rd2+ 60. Ng2 bxc5 61. Qg5+ Kf7) 57. Qg5+ {[%emt 0:00:01]} Kf7 {[%emt 0:00:25]} 58. Kg2 {[%emt 0:00:12]} Ra1 $2 {[%emt 0:00:34]} (58... Rg8 $11 59. Qe5 Rd5 60. Qc7+ Rd7 61. Rxc5 bxc5 62. Qxc5 Ra8) 59. f5 {[%emt 0:00:07]} Rdd1 $2 {[%emt 0:00:24]} (59... Rd6 60. Ne3 Ke8) 60. Qg6+ {[%emt 0:00:12]} Kf8 $2 {[%emt 0:01:05]} (60... Ke7 61. Qg7+ Ke8 62. Qxf6 Rxf1 63. Qe6+ Kf8 64. Qxe4 Rh1 65. Qxg4 Rag1+ 66. Kf3 Rf1+ 67. Ke4 Rd1) 61. Qxf6+ {[%emt 0:00:14]} Ke8 {[%emt 0:00:23]} 62. Qe6+ {[%emt 0:01:21]} Kd8 {[%emt 0:00:15]} 63. Rd2+ $18 {[%emt 0:01:18]} Rxd2+ {[%emt 0:00:48]} 64. Nxd2 {[%emt 0:00:01]} e3 {[%emt 0:00:32]} 65. Nf1 {[%emt 0:01:02]} Re1 {[%emt 0:00:30]} 66. f6 {[%emt 0:00:35]} e2 {[%emt 0:00:13]} 67. Nd2 {[%emt 0:00:25]} Rg1+ {[%emt 0:00:19]} 0-1

[Event "II Duchamp Open 2018"]
[Site "Rio de Janeiro"]
[Date "2018.11.17"]
[Round "4"]
[White "Ramos, Angelo Bil"]
[Black "Okamura, Milton Kasuo"]
[Result "1-0"]
[WhiteElo "1952"]
[BlackElo "2038"]
[Annotator "NA RC"]
[PlyCount "153"]
[EventDate "2018.11.14"]
[EventType "swiss"]
[EventCountry "BRA"]
[SourceTitle "playchess.com"]
[Source "ChessBase"]
[SourceQuality "1"]
[TimeControl "5400+30"]

1. e4 {[%emt 0:00:00]} c5 {[%emt 0:00:00]} 2. Nf3 {[%emt 0:00:00]} e6 {[%emt 0:00:00]} 3. d4 {[%emt 0:00:32]} cxd4 {[%emt 0:00:00]} 4. Nxd4 {[%emt 0:00:07]} Nc6 {[%emt 0:00:09]} 5. Nc3 {[%emt 0:02:49]} Qc7 {[%emt 0:00:09]} 6. Be2 {[%emt 0:04:56]} a6 {[%emt 0:01:23]} 7. O-O {[%emt 0:00:11]} Nf6 {[%emt 0:00:13]} 8. a3 {[%emt 0:02:35]} Be7 {[%emt 0:01:24]} 9. Kh1 {[%emt 0:04:22]} O-O {[%emt 0:01:33]} 10. f4 {[%emt 0:00:39]} d6 {[%emt 0:00:26]} 11. Nf3 {[%emt 0:01:21] B84: Sicilian Scheveningen: 6 Be2 a6, lines without early Be3} (11. Be3 b5 12. Qe1 Bb7 13. Qg3 {1-0 (13) Fedorchuk,S (2650)-Guliyev,N (2507) Paris 2011}) 11... b5 {[%emt 0:03:25]} 12. Bd3 {[%emt 0:05:26]} Bb7 {[%emt 0:02:33]} 13. Qe2 {[%emt 0:00:16]} b4 $146 {[%emt 0:12:41]} ({Predecessor:} 13... Rfd8 14. h3 Rac8 15. g4 d5 16. e5 Nd7 17. g5 Nc5 {0-1 (48) Tlapa,V (1715)-Hampek,M Klatovy 1997}) 14. axb4 {[%emt 0:03:45]} Nxb4 {[%emt 0:00:30]} 15. Bd2 {[%emt 0:00:12]} Nxd3 {[%emt 0:08:23]} 16. cxd3 {[%emt 0:00:15]} d5 {[%emt 0:01:10]} 17. e5 {[%emt 0:00:51]} Nd7 {[%emt 0:00:15]} 18. Rfc1 {[%emt 0:02:40]} Qb8 {[%emt 0:02:37]} 19. Nd4 {[%emt 0:03:40]} g6 {[%emt 0:02:40]} 20. Na4 {[%emt 0:06:19]} Rc8 {[%emt 0:03:56]} 21. Be3 {[%emt 0:01:37]} Rxc1+ {[%emt 0:05:20]} 22. Rxc1 {[%emt 0:00:23]} Qe8 {[%emt 0:00:14]} 23. Rc7 {[%emt 0:06:22]} Rb8 {[%emt 0:00:48]} 24. b3 {[%emt 0:00:57]} Qd8 {[%emt 0:03:51]} 25. Qc2 {[%emt 0:05:53]} Rc8 {[%emt 0:01:02]} 26. Rxc8 {[%emt 0:00:12]} Qxc8 {[%emt 0:00:12]} 27. Qxc8+ {[%emt 0:01:58]} Bxc8 {[%emt 0:00:05]} 28. Nc6 {[%emt 0:01:06]} Ba3 {[%emt 0:02:21]} 29. Kg1 {[%emt 0:02:06]} Kf8 {[%emt 0:02:05]} 30. Kf2 {[%emt 0:00:12]} Ke8 {[%emt 0:11:06]} 31. Ke2 {[%emt 0:00:51]} Bb7 {[%emt 0:06:25]} 32. Nd4 {[%emt 0:00:54]} Be7 {[%emt 0:00:30]} 33. g3 {[%emt 0:00:27]} Kd8 {[%emt 0:00:48]} 34. Kd2 {[%emt 0:01:17]} Kc7 {[%emt 0:00:44]} 35. Kc3 {[%emt 0:00:18]} Nb8 {[%emt 0:05:41]} 36. Nc2 {[%emt 0:03:47]} Nd7 {[%emt 0:03:04]} 37. b4 {[%emt 0:02:09]} Bc8 {[%emt 0:07:32]} 38. Nd4 {[%emt 0:02:51]} Nb8 {[%emt 0:02:38]} 39. Nb3 {[%emt 0:01:29]} Nc6 {[%emt 0:00:58]} 40. Bc5 {[%emt 0:01:37]} Bd7 {[%emt 0:03:32]} 41. Bxe7 {[%emt 0:03:39]} Nxe7 {[%emt 0:00:03]} 42. Nac5 {[%emt 0:00:13]} Bc8 {[%emt 0:00:20]} 43. Nd4 {[%emt 0:00:11]} Kb6 {[%emt 0:01:10]} 44. Kb3 {[%emt 0:02:39]} Nc6 {[%emt 0:02:48]} 45. Na4+ {[%emt 0:01:59]} Kc7 {[%emt 0:00:25]} 46. Nxc6 {[%emt 0:00:28]} Kxc6 {[%emt 0:00:04]} 47. d4 {[%emt 0:00:37]} Kb5 {[%emt 0:01:16]} 48. Nc3+ {[%emt 0:01:13]} Kb6 {[%emt 0:00:17]} 49. Nd1 {[%emt 0:01:33]} Bd7 {[%emt 0:00:27]} 50. Ne3 {[%emt 0:00:18]} h5 {[%emt 0:01:38]} 51. h4 {[%emt 0:01:46]} a5 {[%emt 0:01:07]} 52. g4 {[%emt 0:00:44]} hxg4 {[%emt 0:00:59]} 53. Nxg4 {[%emt 0:00:12]} a4+ {[%emt 0:00:33]} 54. Kc3 $1 {[%emt 0:03:01]} Kb5 {[%emt 0:00:10]} 55. Ne3 {[%emt 0:00:10]} Bc6 {[%emt 0:00:15]} 56. Nc2 {[%emt 0:00:32]} a3 {[%emt 0:02:07]} 57. Nxa3+ {[%emt 0:00:33]} Ka4 {[%emt 0:00:01]} 58. Nb1 {[%emt 0:02:21]} Bb5 {[%emt 0:01:16]} 59. Nd2 {[%emt 0:00:13]} Be8 {[%emt 0:00:58]} 60. Nb3 {[%emt 0:00:24]} Ka3 $2 {[%emt 0:00:25]} (60... Kb5 $16 {is tougher.}) 61. Nc5 {[%emt 0:00:12]} Bc6 {[%emt 0:00:19]} 62. b5 {[%emt 0:02:55]} Bxb5 {[%emt 0:00:31]} 63. Nb7 {[%emt 0:00:13]} Be2 {[%emt 0:00:40]} 64. Nd6 {[%emt 0:00:11]} Bg4 {[%emt 0:00:25]} 65. Nxf7 {[%emt 0:00:36]} Ka4 {[%emt 0:00:17]} 66. Nd6 {[%emt 0:02:57]} Ka3 {[%emt 0:00:10]} 67. Ne8 {[%emt 0:00:50]} Ka4 {[%emt 0:00:44]} 68. Nf6 {[%emt 0:00:10]} Bh3 {[%emt 0:01:22]} 69. Kd3 {[%emt 0:00:25]} Kb4 $2 {[%emt 0:00:04]} (69... Kb5 70. Ke3 Kc6) 70. Ke3 {[%emt 0:00:10]} Kc4 {[%emt 0:00:23]} 71. h5 {[%emt 0:01:13]} gxh5 {[%emt 0:00:02]} 72. Nxh5 {[%emt 0:00:11]} Bg4 {[%emt 0:00:28]} 73. Ng7 {[%emt 0:00:31]} Kc3 {[%emt 0:01:37]} 74. f5 {[%emt 0:01:45]} exf5 {[%emt 0:00:09]} 75. e6 {[%emt 0:00:07]} f4+ {[%emt 0:00:30]} 76. Kxf4 {[%emt 0:00:08]} Bxe6 {[%emt 0:00:29]} 77. Nxe6 {[%emt 0:00:08]} 1-0

[Event "II Duchamp Open 2018"]
[Site "Rio de Janeiro"]
[Date "2018.11.17"]
[Round "4"]
[White "Chaves, Jorge Antonio Torre"]
[Black "Peixoto, Rudson Marinho"]
[Result "0-1"]
[WhiteElo "1922"]
[BlackElo "2007"]
[Annotator "NA"]
[PlyCount "140"]
[EventDate "2018.11.14"]
[EventType "swiss"]
[EventCountry "BRA"]
[SourceTitle "playchess.com"]
[Source "ChessBase"]
[SourceQuality "1"]
[TimeControl "5400+30"]

1. e4 {[%emt 0:00:14]} c5 {[%emt 0:03:28]} 2. d3 {[%emt 0:00:39]} e6 {[%emt 0:00:50]} 3. Nf3 {[%emt 0:00:23]} d5 {[%emt 0:00:27]} 4. Nbd2 {[%emt 0:00:08]} Nf6 {[%emt 0:00:31]} 5. g3 {[%emt 0:00:13]} Nc6 {[%emt 0:00:19]} 6. Bg2 {[%emt 0:00:05]} Be7 {[%emt 0:00:08]} 7. O-O {[%emt 0:00:11]} Qc7 {[%emt 0:00:18]} 8. Re1 {[%emt 0:00:25]} dxe4 {[%emt 0:00:57]} 9. dxe4 {[%emt 0:00:36]} e5 {[%emt 0:00:32]} 10. c3 {[%emt 0:02:13]} Bg4 {[%emt 0:00:12]} 11. a4 {[%emt 0:01:59]} O-O {[%emt 0:00:12]} 12. h3 {[%emt 0:00:30]} Bh5 {[%emt 0:00:28]} 13. Qc2 {[%emt 0:03:30]} Rfe8 {[%emt 0:00:52]} 14. Nc4 {[%emt 0:04:43]} h6 {[%emt 0:00:14]} 15. Nh4 {[%emt 0:01:20]} Rad8 {[%emt 0:00:29]} 16. Nf5 {[%emt 0:05:04]} Bf8 {[%emt 0:00:21]} 17. g4 {[%emt 0:02:19]} Bg6 {[%emt 0:00:09]} 18. Nce3 {[%emt 0:00:59]} Kh7 {[%emt 0:03:27]} 19. Nh4 {[%emt 0:05:25]} Rd7 {[%emt 0:00:33]} 20. Nxg6 {[%emt 0:00:31]} fxg6 {[%emt 0:00:19]} 21. Nd5 {[%emt 0:02:19]} Qd8 {[%emt 0:01:03]} 22. Be3 {[%emt 0:03:43]} Bd6 {[%emt 0:00:37]} 23. Rad1 {[%emt 0:00:22]} Ne7 {[%emt 0:03:54]} 24. Nxf6+ {[%emt 0:03:41]} gxf6 {[%emt 0:00:22]} 25. Qc1 {[%emt 0:00:45]} g5 {[%emt 0:00:18]} 26. Bf1 {[%emt 0:00:50]} Qc7 {[%emt 0:02:01]} 27. Bb5 {[%emt 0:00:30]} Nc6 {[%emt 0:00:21]} 28. h4 {[%emt 0:01:29]} a6 {[%emt 0:02:54]} 29. Bc4 {[%emt 0:01:20]} Bf8 {[%emt 0:00:36]} 30. hxg5 {[%emt 0:03:49]} fxg5 {[%emt 0:00:46]} 31. Kg2 {[%emt 0:00:19]} Red8 {[%emt 0:03:30]} 32. Be6 {[%emt 0:05:10]} Rxd1 {[%emt 0:02:03]} 33. Bf5+ {[%emt 0:00:36]} Kg7 {[%emt 0:00:23]} 34. Rxd1 {[%emt 0:00:08]} Kf6 {[%emt 0:00:46]} 35. Rd5 {[%emt 0:08:42]} Rxd5 {[%emt 0:00:32]} 36. exd5 {[%emt 0:00:05]} Ne7 {[%emt 0:00:15]} 37. Be4 {[%emt 0:00:15]} c4 {[%emt 0:00:30]} 38. Qd1 {[%emt 0:00:41]} Ng6 {[%emt 0:00:46]} 39. Qc2 {[%emt 0:05:13]} Nh4+ {[%emt 0:00:23]} 40. Kg3 {[%emt 0:01:41]} Bc5 {[%emt 0:00:16]} 41. Bc1 {[%emt 0:15:31]} Qb6 {[%emt 0:01:46]} 42. Qe2 {[%emt 0:03:05]} Ke7 {[%emt 0:01:06]} 43. Be3 {[%emt 0:04:20]} Bxe3 {[%emt 0:01:00]} 44. fxe3 {[%emt 0:00:05]} Qb3 {[%emt 0:00:45]} 45. Qf2 {[%emt 0:03:37]} Qd1 {[%emt 0:00:26]} 46. a5 {[%emt 0:01:42]} Ke8 {[%emt 0:02:54]} 47. Bc2 {[%emt 0:00:39]} Qxd5 {[%emt 0:00:52]} 48. e4 {[%emt 0:04:34]} Qc6 {[%emt 0:02:34]} 49. Qf1 {[%emt 0:03:12]} Ke7 {[%emt 0:00:27]} 50. Bb1 {[%emt 0:01:57]} Qc5 {[%emt 0:02:23]} 51. Qf2 {[%emt 0:00:48]} Qxf2+ {[%emt 0:00:27]} 52. Kxf2 {[%emt 0:00:04]} Kd6 {[%emt 0:00:21]} 53. Ba2 {[%emt 0:00:49]} Kc5 {[%emt 0:00:13]} 54. Ke3 {[%emt 0:01:13]} Ng2+ {[%emt 0:00:21]} 55. Kd2 {[%emt 0:00:48]} Nf4 {[%emt 0:00:54]} 56. Ke3 {[%emt 0:01:23]} Kb5 {[%emt 0:00:15]} 57. b3 {[%emt 0:00:36]} cxb3 {[%emt 0:00:20]} 58. Bxb3 {[%emt 0:00:10]} Kxa5 {[%emt 0:00:11]} 59. Bf7 {[%emt 0:00:15]} b5 {[%emt 0:00:21]} 60. Kd2 {[%emt 0:00:14]} Kb6 {[%emt 0:00:46]} 61. Kc2 {[%emt 0:00:28]} Kc5 {[%emt 0:00:11]} 62. Kb3 {[%emt 0:00:15]} a5 {[%emt 0:00:11]} 63. Kc2 {[%emt 0:01:25]} b4 {[%emt 0:01:11]} 64. cxb4+ {[%emt 0:01:00]} Kxb4 {[%emt 0:00:27]} 65. Bg8 {[%emt 0:00:34]} a4 {[%emt 0:00:17]} 66. Ba2 {[%emt 0:00:25]} Ne2 {[%emt 0:00:18]} 67. Kd2 {[%emt 0:00:28]} Nc3 {[%emt 0:00:29]} 68. Be6 {[%emt 0:00:36]} Nxe4+ {[%emt 0:00:34]} 69. Ke3 {[%emt 0:00:06]} Nc5 {[%emt 0:00:12]} 70. Bf7 {[%emt 0:00:16]} Kc3 {[%emt 0:00:14]} 0-1

[Event "II Duchamp Open 2018"]
[Site "Rio de Janeiro"]
[Date "2018.11.17"]
[Round "5"]
[White "Lima, Darcy"]
[Black "Torella, Rodolfo"]
[Result "1-0"]
[WhiteElo "2550"]
[BlackElo "2036"]
[Annotator "TA"]
[PlyCount "64"]
[EventDate "2018.11.14"]
[EventType "swiss"]
[EventCountry "BRA"]
[SourceTitle "playchess.com"]
[Source "ChessBase"]
[SourceQuality "1"]

{[%evp 9,64,43,41,40,41,47,42,38,66,38,42,41,39,41,140,37,134,50,31,13,19,20,15,21,31,20,23,10,61,59,59,59,90,73,58,59,60,23,39,35,52,64,266,272,266,267,260,262,262,276,706,724,684,703,29999,672,970]} 1. e4 d5 2. exd5 Qxd5 3. Nc3 Qd8 4. g3 (4. d4 Nf6 5. Nf3 g6 6. Be2 Bg7 7. O-O O-O 8. Bf4 Nc6 9. Qd2 b6 10. Rad1 Bb7 11. Rfe1 e6 12. Bh6 Ne7 13. Bxg7 Kxg7 {1-0 (60) Piorun,K (2612)-Nakamura,H (2763) Batumi 2018}) 4... Bd7 5. Bg2 Bc6 6. Nf3 {B01: Scandinavian Defence} Nf6 7. O-O e6 8. Re1 $146 {White is slightly better.} ({Predecessor:} 8. Ne2 Nbd7 9. b3 Be7 10. Bb2 O-O 11. Re1 a5 {½-½ (53) Dolezal,C (2439)-Slipak,S (2436) Buenos Aires 2015}) 8... Nbd7 9. d4 Be7 10. Ne2 b5 11. Nf4 Nd5 (11... O-O $14) 12. Ng5 (12. Rxe6 $1 $16 Nxf4 13. Rxc6 Nxg2 14. Kxg2) 12... O-O {[#]} (12... Bxg5 $14 13. Bxd5 Bxd5 14. Nxd5 Bxc1 15. Rxc1 (15. Qxc1 Nb6 $11) 15... a5) 13. h4 (13. Nfxe6 $1 $16 {[%mdl 512]} fxe6 14. Qg4 (14. Nxe6 Qc8 $16) 14... Bxg5 15. Bxg5) 13... N7f6 $14 14. Nd3 Nb4 15. Bxc6 Nxc6 16. c3 h6 17. Nf3 Qd5 18. Bf4 Bd6 (18... b4 $11) 19. Be5 {Nf4 is the strong threat.} Bxe5 20. Nfxe5 Rab8 21. Nf4 Qd6 22. Qf3 Nd5 23. Nh5 Nxe5 24. Rxe5 c5 25. Rae1 $40 {[%mdl 128] Strongly threatening Qg4. White attacks.} cxd4 $2 {[#]} ({Black should play} 25... Rfd8 $14) 26. Qg4 $1 $18 {[%csl Gh5][%cal Rg4g7]} g6 {[#] Threatens to win with ...d3.} 27. Rxe6 $1 {[%mdl 512]} Qc7 (27... fxe6 28. Qxg6+) 28. R6e5 ({Don't go for} 28. cxd4 $2 fxe6 29. Qxg6+ Kh8 $19) 28... Ne3 {[#]} 29. Qf4 $1 ({Weaker is} 29. Qxd4 Nc2 $11) 29... Kh7 $2 (29... Rb6 30. fxe3 Qd6 31. exd4 gxh5) 30. Nf6+ Kg7 31. fxe3 Kh8 32. Nh5 (32. Qxh6# $142) 32... Kg8 {Accuracy: White = 48%, Black = 36%.} 1-0

[Event "II Duchamp Open 2018"]
[Site "Rio de Janeiro"]
[Date "2018.11.17"]
[Round "5"]
[White "Rodriguez Vila, Andres"]
[Black "Rodi, Luis Ernesto"]
[Result "1/2-1/2"]
[WhiteElo "2482"]
[BlackElo "2327"]
[Annotator "TA"]
[PlyCount "79"]
[EventDate "2018.11.14"]
[EventType "swiss"]
[EventCountry "BRA"]
[SourceTitle "playchess.com"]
[Source "ChessBase"]
[SourceQuality "1"]

{[%evp 9,79,1,-3,0,17,6,5,9,21,5,29,2,52,47,160,168,166,158,156,167,162,103,177,156,187,183,179,139,125,87,89,114,109,70,67,64,172,184,144,144,819,94,105,101,99,72,83,0,0,0,0,0,0,0,0,0,0,0,0,-74,-77,-76,0,0,0,0,0,0,0,0,0,0]} 1. d4 d5 2. Bf4 Nf6 3. Nc3 a6 4. e3 e6 5. g4 Bb4 6. Nge2 {D00: 1 d4 d5: Unusual lines} Ne4 $146 ({Predecessor:} 6... c5 7. a3 cxd4 8. axb4 dxc3 9. Nxc3 O-O 10. g5 Nfd7 11. h4 Nb6 {1-0 (37) Alekseenko,K (2575)-Kokarev,D (2617) St Petersburg 2017}) 7. Bg2 Nxc3 8. Nxc3 Nd7 9. Qd3 c5 10. dxc5 {With the idea Qd4.} Qa5 11. O-O Qxc5 {[#]} (11... O-O $14) 12. Nxd5 $1 $16 {[%mdl 512]} exd5 13. a3 O-O 14. axb4 Qxb4 15. Qd4 (15. c3 $18 Qe7 16. Qxd5 (16. Bxd5 Nc5 $16)) 15... Qb5 (15... Qxd4 $16 16. exd4 Nf6) 16. b4 Re8 17. Ra5 Qe2 18. Rxd5 {Hoping for Rg5.} Nf6 19. Rd8 Bxg4 20. Rxa8 Rxa8 21. Be5 Bf3 22. Bxf6 Bxg2 (22... gxf6 $14 23. Qxf6 Bxg2 24. Kxg2 Qxc2) 23. Kxg2 $18 gxf6 $14 {[%mdl 4096] Endgame KQR-KQR} 24. Rg1 {Threatening mate with Kh1+.} Kf8 $2 {[%mdl 8192] [#]} (24... Re8 $16 25. Qd6 (25. Qxf6 Qxc2 26. Kh3+ Kf8 $16) 25... Kh8 26. Qxf6+ {[%mdl 64] Double Attack} Kg8 27. Kh1+ Kf8 28. Qd6+ Re7) 25. Qd6+ $2 ({Weaker is} 25. Qxf6 Qxc2 26. Kh3 (26. Qh8+ Ke7 $14) 26... Re8 $16) (25. Qc5+ $1 $18 {is the precise move to win.} Ke8 26. Kh3 Qxf2 27. Rg8+ Kd7 28. Rxa8 Qf3+ 29. Kh4 Qf2+ 30. Kg4 Qe2+ 31. Kg3 Qe1+ 32. Kg4 Qg1+ 33. Kh3 Qf1+ 34. Kg3 Qe1+ 35. Kf3 Qh1+ 36. Kg3 Qg1+ 37. Kf3 Qh1+ 38. Ke2 Qxh2+ 39. Kd3 Qd6+ 40. Qxd6+ Kxd6 41. Rh8) 25... Ke8 $16 26. Qxf6 Rd8 27. h3 {Black must now prevent Kh2.} (27. h4 {keeps more tension.} Rd2 28. Qf4 Rxc2 29. Qb8+ Ke7 30. Qxb7+ Kf6 31. Qf3+) 27... Qxc2 28. Qf4 (28. Kf3 $16 Qc6+ 29. Qxc6+ bxc6 30. Rg7) 28... Qc6+ $11 29. e4 Rd6 30. Kh2 {Strongly threatening Rg8+.} Rg6 31. Rd1 {Qe5+ would kill now.} Kf8 32. Rd5 Rf6 33. Qe3 Qb6 34. Rc5 (34. Qxb6 $11 Rxb6 35. Rd4) 34... Qxb4 $17 35. Rc8+ {[#]} Kg7 ({Better is} 35... Ke7 $1 $17) 36. Qg5+ {The position is equal.} Rg6 37. Qe5+ Rf6 38. Qg5+ Rg6 39. Qe5+ Rf6 40. Qg5+ {Accuracy: White = 52%, Black = 44%.} 1/2-1/2

[Event "II Duchamp Open 2018"]
[Site "Rio de Janeiro"]
[Date "2018.11.17"]
[Round "5"]
[White "Hoffman, Alejandro"]
[Black "Viana, Dirceu"]
[Result "1-0"]
[WhiteElo "2479"]
[BlackElo "2201"]
[Annotator "TA"]
[PlyCount "87"]
[EventDate "2018.11.14"]
[EventType "swiss"]
[EventCountry "BRA"]
[SourceTitle "playchess.com"]
[Source "ChessBase"]
[SourceQuality "1"]

{[%evp 26,87,0,0,0,0,0,0,40,39,58,48,104,106,112,104,127,91,122,104,129,130,131,131,118,125,130,119,127,116,129,140,138,136,134,137,134,125,141,110,146,145,143,129,130,101,95,77,82,68,75,76,95,104,103,101,152,144,155,141,489,486,696,689]} 1. d4 e6 2. Nf3 Nf6 3. e3 b6 4. Bd3 Bb7 5. O-O Be7 6. c4 O-O 7. b3 c5 8. Bb2 cxd4 9. exd4 d5 10. Qe2 Nc6 11. Nbd2 Rc8 12. Rac1 Re8 13. Rfd1 Bf8 14. h3 g6 {E14: Queen's Indian: Classical Variation (4 e3)} 15. Qe3 Bg7 (15... Qe7 16. Ne5 dxc4 17. Nxc6 Bxc6 18. bxc4 Bg7 19. Bf1 Qb7 20. Qb3 Red8 21. Nb1 Rc7 22. d5 exd5 23. Bxf6 Bxf6 24. cxd5 {0-1 (54) Shaposhnikov,E (2563)-Jakovenko,D (2730) Khanty-Mansiysk 2017}) 16. Ne5 Qd6 $146 {The position is equal.} ({Predecessor:} 16... Re7 17. f4 Rec7 18. Ndf3 Ba6 19. g4 {½-½ (19) Khenkin,I (2553)-Sagar,S (2433) Dieren 2016}) 17. c5 bxc5 18. dxc5 d4 (18... Qc7 $14 19. Nxc6 Bxc6) 19. cxd6 $16 dxe3 20. fxe3 {aiming for Bb5.} Red8 21. Ndc4 Nxe5 22. Bxe5 Ne8 23. Bxg7 Kxg7 {[#]} 24. Be4 $1 {[%cal Re4b7]} Bd5 25. Bxd5 exd5 26. Rxd5 Rxd6 27. Rcd1 Ra6 28. Rd8 Rxd8 29. Rxd8 {[%mdl 4096] Endgame KRN-KRN} Nf6 30. a4 {[%cal Ba2a4,Ba4a5][%mdl 32]} Ne4 31. a5 Kf6 32. Rd4 Nc3 {Hoping for ...Ne2+.} 33. Rd7 Ke6 34. Rb7 h5 35. h4 Ne4 36. Kf1 Nc5 37. Rb5 Rc6 38. Nd2 a6 39. Rb8 Nd7 40. Re8+ Kf5 (40... Kd5 $142) 41. Nf3 {And now Nd4+ would win.} Rc1+ 42. Kf2 Ra1 $2 {[%mdl 8192]} (42... Nc5 $16 {is a better chance.}) 43. Re7 $18 {[%mdl 64] [#] Double Attack} Nc5 (43... Nb8 $142 44. Nd4+ Kf6) 44. Re5+ {[%mdl 64] Double Attack. Accuracy: White = 88%, Black = 53%.} 1-0